000 00430nam a22001817a 4500
003 CEME
005 20210628204123.0
008 210106b xxu||||| |||| 00| 0 eng d
020 _a0387906096
040 _cceme
082 _a515.353 JOH
100 _aJohn, Fritz
_968836
245 _aPartial differential equations
250 _a4TH
260 _aNEW YORK
_bSPRINGER VERLAG
_c1982
300 _aX, 249P
942 _cBK
_2ddc
999 _c576293
_d576293